A BOOK OF HOME PLANS. (Record no. 855541)

MARC details
000 -LEADER
fixed length control field 00277nam a2200121Ia 4500
008 - FIXED-LENGTH DATA ELEMENTS--GENERAL INFORMATION
fixed length control field 230822s1999 xx 000 0 und d
020 ## - INTERNATIONAL STANDARD BOOK NUMBER
International Standard Book Number 81-239-0078-3
041 ## - LANGUAGE CODE
Language code of text/sound track or separate title eng
082 ## - DEWEY DECIMAL CLASSIFICATION NUMBER
Classification number 729
245 ## - TITLE STATEMENT
Title A BOOK OF HOME PLANS.
260 ## - PUBLICATION, DISTRIBUTION, ETC.
Name of publisher, distributor, etc. C.B.S PUBLISHERS
Date of publication, distribution, etc. 1999
300 ## - PHYSICAL DESCRIPTION
Extent 229

No items available.